Statistics for Impossible Quiz

Click here to take the quiz!

General Stats

  • This quiz has been taken 22 times
  • The average score is 3 of 15

Answer Stats

Matemeh% Correct
minecraft?roblox
100%
is this quiz hard?obviously
60%
no seriously. Was it hard?DUHHHHHHH
40%
hello!HELLO.......
40%
souphi
40%
higet outta here bruh
20%
Robloxnot minecraft
20%
lolyeah cooooll
20%
1+1238891274647823398264
0%
whats my level999999999999999999999999999999999999769999999949296949
0%
Guess the random food I wrotedshdfhaerugerhy8egruygfeuyrteyu4egastuyedtewfertuftewfdyurtf6ydfu
0%
lemme guess you copy and pasted the answers after you lost last timenoioooooor0teiotioreyg09eity509roooooo0000000
0%
slugsnailllllllll
0%
whats your levelyou dont even have 1
0%
beeepyour annoying
0%

Score Distribution

Percentile by Number Answered

Percent of People with Each Score

Your Score History

You have not taken this quiz